00250 a2200109 4500001000700000020000600007040001100013100002600024240004300050245003800093362000900131169348 a  cMagnum aSalovey, Peter (Org.)10aInteligencia emocional da criancalpor10aInteligencia emocional da crianca0 a1899